[Event "Open Letní Praha 2018 - B"]
[Site "Praha"]
[Date "2018.08.09"]
[Round "8"]
[Board "6"]
[White "Kovar, Josef"]
[Black "Melkevik, Egil"]
[Result "1/2-1/2"]
[WhiteElo "2040"]
[BlackElo "1733"]
[PlyCount "122"]
[EventDate "2018.08.03"]
[EventRounds "9"]
[EventCountry "CZE"]

1. c3 c6 2. h3 d5 3. d4 Bf5 4. Bf4 Qb6 5. Bc1 Nd7 6. Nd2 e6 7. Ngf3 Bd6 8. e3
Ngf6 9. Be2 Qd8 10. Nh4 Ne4 11. Nxf5 exf5 12. Qb3 Rb8 13. Nxe4 fxe4 14. Bd2 b5
15. a4 a6 16. axb5 axb5 17. Ra6 Nb6 18. Qa2 O-O 19. b3 Qg5 20. g3 Ra8 21. Kf1
Qf6 22. Kg2 Bc7 23. Rxa8 Rxa8 24. Qb2 Qd8 25. Ra1 f5 26. Ra3 Bd6 27. Ra2 g5 28.
f3 Qb8 29. fxe4 dxe4 30. Rxa8 Nxa8 31. Be1 Qc7 32. Qc2 Nb6 33. c4 bxc4 34. bxc4
c5 35. Qb3 Nd7 36. Qb5 f4 37. Bg4 Nf6 38. Be6+ Kg7 39. exf4 gxf4 40. gxf4 Qa7
41. Ba5 Nh5 42. d5 Nxf4+ 43. Kf2 Qe7 44. Qd7 Nxe6 45. dxe6 Kg6 46. Bd8 Qf8+ 47.
Qf7+ Qxf7+ 48. exf7 Kxf7 49. Ke3 Ke6 50. Kxe4 Be5 51. Be7 Bd4 52. Bf8 Bf2 53.
Bg7 Bg3 54. Bf8 Bf2 55. Kf4 Bd4 56. h4 Kf7 57. Bh6 Kf6 58. h5 Ke6 59. Bg5 Bc3
60. Bd8 Bd4 61. Bc7 Kf6  1/2-1/2

[Event "Open Letní Praha 2018 - B"]
[Site "Praha"]
[Date "2018.08.09"]
[Round "8"]
[Board "7"]
[White "Barabas, Ales"]
[Black "Kashkarov, Mikhail"]
[Result "1-0"]
[WhiteElo "1767"]
[BlackElo "1947"]
[PlyCount "77"]
[EventDate "2018.08.03"]
[EventRounds "9"]
[EventCountry "CZE"]

1. Nf3 c5 2. g3 Nc6 3. Bg2 g6 4. d4 cxd4 5. Nxd4 Bg7 6. Nxc6 bxc6 7. O-O h5 8.
h4 Nh6 9. c3 O-O 10. Nd2 a5 11. a4 Ba6 12. Nb3 Ng4 13. Nc5 Bc8 14. Ra3 Qc7 15.
b4 d6 16. Nd3 Rb8 17. Bd2 Bd7 18. Qc2 Rfc8 19. bxa5 Qxa5 20. c4 Qa7 21. c5 Bf5
22. e4 Be6 23. Bf4 Ne5 24. Nxe5 dxe5 25. Be3 Rb4 26. Rb1 Rc4 27. Qd1 Qa5 28.
Qe1 Qa7 29. a5 Kh7 30. Rc1 Rd8 31. Rxc4 Bxc4 32. Qb4 Bb5 33. Ra2 Rd1+ 34. Kh2
Bh6 35. Qb3 Bxe3 36. Qxf7+ Kh6 37. fxe3 Qxc5 38. Rf2 e6 39. Rf6  1-0

[Event "Open Letní Praha 2018 - B"]
[Site "Praha"]
[Date "2018.08.09"]
[Round "8"]
[Board "8"]
[White "Svetly, Jiri"]
[Black "Lang, Anders"]
[Result "1-0"]
[WhiteElo "1943"]
[BlackElo "1758"]
[PlyCount "59"]
[EventDate "2018.08.03"]
[EventRounds "9"]
[EventCountry "CZE"]

1. d4 Nf6 2. c4 Nc6 3. Nf3 e6 4. Nc3 Bb4 5. Qc2 d5 6. cxd5 Qxd5 7. a3 Bxc3+ 8.
bxc3 Ne4 9. Nd2 Nxd2 10. Bxd2 O-O 11. e4 Qh5 12. Be2 Qg6 13. g4 e5 14. d5 Ne7
15. h4 Qd6 16. c4 c5 17. h5 h6 18. O-O-O f6 19. Rdf1 Bd7 20. f4 b5 21. g5 bxc4
22. gxh6 gxh6 23. Rfg1+ Kh7 24. f5 Rg8 25. Rg6 Rxg6 26. hxg6+ Kg8 27. Bxc4 a6
28. Bxh6 Bb5 29. Be3 Rb8 30. Rh8+  1-0

[Event "Open Letní Praha 2018 - B"]
[Site "Praha"]
[Date "2018.08.09"]
[Round "8"]
[Board "9"]
[White "Enkhbolor, Nyamdavaa"]
[Black "Koper, Stefan"]
[Result "1-0"]
[WhiteElo "1563"]
[BlackElo "1852"]
[PlyCount "93"]
[EventDate "2018.08.03"]
[EventRounds "9"]
[EventCountry "CZE"]

1. e4 c6 2. d4 Na6 3. Nf3 d5 4. exd5 cxd5 5. Nc3 Nc7 6. Bf4 Nf6 7. Bd3 a6 8.
Qe2 Bg4 9. h3 Bxf3 10. Qxf3 e6 11. O-O Bd6 12. Rfe1 Bxf4 13. Qxf4 O-O 14. Re3
Nce8 15. Rg3 g6 16. Rf3 Nh5 17. Qe3 Nhg7 18. Ne2 Nd6 19. Ng3 b5 20. Qh6 b4 21.
Rf4 f5 22. Rh4 Kf7 23. Qxh7 Qg5 24. Rh6 Rh8 25. Qxh8 Rxh8 26. Rxh8 Nb5 27. Bxb5
axb5 28. a4 bxa3 29. Rxa3 Qc1+ 30. Kh2 f4 31. Ra7+ Kf6 32. Rf8+ Kg5 33. Rxg7
fxg3+ 34. fxg3 Kh6 35. Re7 Qxb2 36. Rh8+ Kg5 37. Rf7 Qxd4 38. h4+ Kg4 39. Rf4+
Qxf4 40. gxf4 Kxf4 41. g3+ Ke4 42. Re8 e5 43. Kg2 Kd4 44. Kf2 e4 45. Ke2 b4 46.
Rc8 Ke5 47. Rb8  1-0

[Event "Open Letní Praha 2018 - B"]
[Site "Praha"]
[Date "2018.08.09"]
[Round "8"]
[Board "10"]
[White "Salykin, Aleksandr"]
[Black "Olsen, Geir"]
[Result "1-0"]
[WhiteElo "1939"]
[BlackElo "1472"]
[PlyCount "57"]
[EventDate "2018.08.03"]
[EventRounds "9"]
[EventCountry "CZE"]

1. b3 b6 2. Bb2 Bb7 3. e3 e6 4. Nf3 Nf6 5. c4 c5 6. Be2 d6 7. d4 Be7 8. O-O O-O
9. Nc3 Nbd7 10. d5 exd5 11. cxd5 Re8 12. e4 a6 13. a4 Bf8 14. Nd2 Ne5 15. f4
Ng6 16. h3 Qc7 17. Bd3 Kh8 18. Rf2 Bc8 19. g4 Qd7 20. Qf1 Nh4 21. f5 Qe7 22.
Ne2 Qd8 23. Rf4 Ng8 24. Ng3 Be7 25. Nh5 f6 26. g5 g6 27. Rxh4 gxh5 28. Rxh5 Kg7
29. Qg2  1-0

[Event "Open Letní Praha 2018 - B"]
[Site "Praha"]
[Date "2018.08.10"]
[Round "9"]
[Board "1"]
[White "Guggenheim, Hans"]
[Black "Ilandzis, Spyridon"]
[Result "0-1"]
[WhiteElo "1791"]
[BlackElo "2009"]
[PlyCount "36"]
[EventDate "2018.08.03"]
[EventRounds "9"]
[EventCountry "CZE"]

1. d4 Nf6 2. c4 e6 3. g3 c5 4. d5 exd5 5. cxd5 d6 6. Bg2 g6 7. Nf3 Bg7 8. O-O
O-O 9. Nc3 Re8 10. Nd2 a6 11. a4 Nbd7 12. h3 Rb8 13. a5 b5 14. axb6 Nxb6 15. e4
Nfd7 16. f4 c4 17. Nf3 Nc5 18. Nd4 Bxd4+  0-1

[Event "Open Letní Praha 2018 - B"]
[Site "Praha"]
[Date "2018.08.10"]
[Round "9"]
[Board "2"]
[White "Sakovski, Roman"]
[Black "Svanda, Adam"]
[Result "0-1"]
[WhiteElo "1894"]
[BlackElo "1841"]
[PlyCount "124"]
[EventDate "2018.08.03"]
[EventRounds "9"]
[EventCountry "CZE"]

1. d4 Nf6 2. c4 g6 3. Nc3 d5 4. Nf3 Bg7 5. e3 O-O 6. b4 b6 7. Ba3 a5 8. b5 Bb7
9. c5 bxc5 10. Bxc5 Nbd7 11. Na4 Ne4 12. Rc1 Re8 13. h4 e5 14. Ba3 f5 15. h5 f4
16. hxg6 hxg6 17. exf4 exd4 18. Be2 Nc3 19. Nxc3 dxc3 20. Qc2 Qf6 21. Kf1 c5
22. bxc6 Qxc6 23. Bd3 Ba6 24. Nh4 Bxd3+ 25. Qxd3 Qa6 26. Rh3 d4 27. Nxg6 Kf7
28. Nh4 Re4 29. Nf5 Qxd3+ 30. Rxd3 Rxf4 31. Nxg7 Kxg7 32. Bd6 Rh4 33. Rg3+ Kf7
34. Ke2 Ra6 35. Rf3+ Ke6 36. Bg3 Rg4 37. Rh1 Kd5 38. Rh7 Nc5 39. Rf5+ Kc4 40.
Rc7 Re4+ 41. Kf3 Kd3 42. Rcxc5 Rae6 43. Bc7 Re2 44. Bxa5 Rxa2 45. Bc7 Ree2 46.
Kg3 Kd2 47. Bf4+ Ke1 48. Rh5 Rxf2 49. Rh2 Ke2 50. Rh1 Kd3 51. Rd1+ Rfd2 52.
Bxd2 Rxd2 53. Rc1 Re2 54. Kf3 Kd2 55. Ra1 Re3+ 56. Kf4 c2 57. g4 Rc3 58. Rd5 d3
59. Ke4 Ke2 60. Kd4 d2 61. Re5+ Kf2 62. Rf5+ Rf3  0-1

[Event "Open Letní Praha 2018 - B"]
[Site "Praha"]
[Date "2018.08.10"]
[Round "9"]
[Board "3"]
[White "Benes, Petr"]
[Black "Janacek, Jaroslav"]
[Result "0-1"]
[WhiteElo "2094"]
[BlackElo "2006"]
[PlyCount "108"]
[EventDate "2018.08.03"]
[EventRounds "9"]
[EventCountry "CZE"]

1. Nf3 d6 2. d4 g6 3. g3 Bg7 4. Bg2 c5 5. O-O Nd7 6. c4 cxd4 7. Nxd4 Ngf6 8.
Nc3 O-O 9. b3 a6 10. a4 e5 11. Nc2 Nc5 12. Ne3 Qb6 13. Rb1 Rb8 14. b4 Ne6 15.
Ned5 Nxd5 16. Nxd5 Qd8 17. a5 Nc7 18. Be3 Nxd5 19. Bxd5 Bh3 20. Re1 Qd7 21. Qd2
h5 22. Red1 Bf5 23. Rb3 Rfe8 24. Ba7 Rbc8 25. Bb6 Kh7 26. e4 Bh3 27. Qe2 Bf8
28. b5 Bg4 29. f3 Bh3 30. Bf2 Be6 31. bxa6 bxa6 32. Rb6 Qa4 33. Be1 Bxd5 34.
cxd5 Rc2 35. Qxa6 Qa2 36. Qf1 Ra8 37. a6 Bh6 38. Bf2 Rac8 39. Rbb1 Rxf2 40.
Qxf2 Rc2 41. Qxc2 Qxc2 42. Ra1 Be3+ 43. Kh1 Qe2 44. Rf1 h4 45. Rae1 Qxa6 46.
Kg2 Bd4 47. Kh3 hxg3 48. hxg3 Qc8+ 49. Kg2 Qc2+ 50. Kh3 Kg7 51. Rc1 Qd3 52.
Rcd1 Qe3 53. Rde1 Qh6+ 54. Kg2 f5  0-1

[Event "Open Letní Praha 2018 - B"]
[Site "Praha"]
[Date "2018.08.10"]
[Round "9"]
[Board "4"]
[White "Skielnik, Joseph J"]
[Black "Svetly, Jiri"]
[Result "0-1"]
[WhiteElo "1865"]
[BlackElo "1943"]
[PlyCount "76"]
[EventDate "2018.08.03"]
[EventRounds "9"]
[EventCountry "CZE"]

1. d4 Nf6 2. Bf4 d5 3. e3 c5 4. Nf3 Nc6 5. Be2 Nh5 6. Bg5 h6 7. Bh4 g5 8. Bg3
Nxg3 9. hxg3 Bg7 10. c3 Qb6 11. Qb3 c4 12. Qc2 e5 13. dxe5 Nxe5 14. Nd4 O-O 15.
Nd2 Nc6 16. O-O-O Nxd4 17. exd4 Qf6 18. g4 Qf4 19. Rh3 Bxg4 20. Bxg4 Qxg4 21.
Rg3 Qe6 22. Nf3 Rae8 23. b3 b5 24. b4 Qe4 25. Qxe4 dxe4 26. Nd2 f5 27. Re3 g4
28. Rh1 Kh7 29. Kc2 Bf6 30. Ree1 Bg5 31. Re2 Re7 32. Ra1 Ra8 33. Kd1 Kg6 34. g3
h5 35. Nf1 f4 36. gxf4 Bxf4 37. Ng3 e3 38. Nh1 h4  0-1

[Event "Open Letní Praha 2018 - B"]
[Site "Praha"]
[Date "2018.08.10"]
[Round "9"]
[Board "5"]
[White "Melkevik, Egil"]
[Black "Barabas, Ales"]
[Result "0-1"]
[WhiteElo "1733"]
[BlackElo "1767"]
[PlyCount "64"]
[EventDate "2018.08.03"]
[EventRounds "9"]
[EventCountry "CZE"]

1. d4 Nf6 2. Bf4 d6 3. e3 g6 4. Bd3 Bg7 5. Nd2 Nbd7 6. Ngf3 Nh5 7. c3 Nxf4 8.
exf4 c5 9. h4 cxd4 10. cxd4 Nf6 11. Nb3 Qb6 12. Qd2 a5 13. Rc1 a4 14. Na1 Be6
15. Bc4 Ne4 16. Qe2 Bxc4 17. Rxc4 d5 18. Rc1 Qb4+ 19. Kf1 Bxd4 20. Nxd4 Qxd4
21. g3 O-O 22. Kg2 e6 23. Rcd1 Qf6 24. h5 g5 25. fxg5 Qxg5 26. Rh4 f5 27. Rh3
f4 28. Rd3 f3+ 29. Rxf3 Rxf3 30. Qxf3 Rf8 31. Qa3 Rxf2+ 32. Kh1 Qc1#  0-1

[Event "Open Letní Praha 2018 - B"]
[Site "Praha"]
[Date "2018.08.10"]
[Round "9"]
[Board "6"]
[White "Korenek, Frantisek"]
[Black "Enkhbolor, Nyamdavaa"]
[Result "1-0"]
[WhiteElo "1963"]
[BlackElo "1563"]
[PlyCount "89"]
[EventDate "2018.08.03"]
[EventRounds "9"]
[EventCountry "CZE"]

1. d4 Nf6 2. c4 g6 3. g3 Bg7 4. Bg2 d6 5. Nf3 O-O 6. O-O Nc6 7. d5 Na5 8. Nfd2
c5 9. Nc3 a6 10. a4 Bd7 11. e4 Rb8 12. Qe2 Qc7 13. h3 b6 14. Kh2 Rfd8 15. Ra3
Ne8 16. Qd3 b5 17. cxb5 axb5 18. Nxb5 Bxb5 19. axb5 Qb6 20. Qb1 Qxb5 21. Qa2
Nb7 22. Nc4 Nc7 23. Bg5 Re8 24. Rc1 Ra8 25. Bf1 Rxa3 26. bxa3 Qa4 27. Bd3 Nb5
28. Qc2 Qxc2 29. Rxc2 Nd4 30. Kg2 Nxc2 31. Bxc2 Bc3 32. Ba4 Rb8 33. Bxe7 f6 34.
Nxd6 Nxd6 35. Bxd6 Ra8 36. Bc6 Rc8 37. Bxc5 Kf7 38. f4 h6 39. Bd6 Ba5 40. e5
fxe5 41. fxe5 Bc7 42. e6+ Kf6 43. Bc5 Bd8 44. a4 Rxc6 45. e7  1-0

[Event "Open Letní Praha 2018 - B"]
[Site "Praha"]
[Date "2018.08.10"]
[Round "9"]
[Board "7"]
[White "Konvalinka, Vladislav"]
[Black "Kovar, Josef"]
[Result "0-1"]
[WhiteElo "1740"]
[BlackElo "2040"]
[PlyCount "77"]
[EventDate "2018.08.03"]
[EventRounds "9"]
[EventCountry "CZE"]

1. d4 e6 2. c4 Bb4+ 3. Bd2 Qe7 4. a3 Bxd2+ 5. Qxd2 d6 6. Nf3 e5 7. d5 f5 8. e3
a5 9. Nc3 Nf6 10. Qc2 O-O 11. Be2 Na6 12. O-O Bd7 13. Nd2 c6 14. e4 Nc5 15. f3
cxd5 16. exd5 a4 17. Rae1 Nh5 18. g3 Qg5 19. Rf2 Rae8 20. Kh1 Rf6 21. Rg1 Rh6
22. Nf1 Rf8 23. f4 exf4 24. Bxh5 Qxh5 25. Rxf4 Re8 26. Qd1 Qg6 27. Qd4 Qh5 28.
Qd1 Qg5 29. Qf3 Rf6 30. Ne3 Nd3 31. h4 Qg6 32. Rd4 Ne5 33. Qd1 Qh6 34. Ng2 Ng4
35. Rf1 Rff8 36. Ne2 g6 37. Nef4 Re5 38. Nh3 Rfe8 39. Ngf4  0-1

[Event "Open Letní Praha 2018 - B"]
[Site "Praha"]
[Date "2018.08.10"]
[Round "9"]
[Board "8"]
[White "Jaeger, Andre"]
[Black "Shivika, Rohilla"]
[Result "1/2-1/2"]
[WhiteElo "1974"]
[BlackElo "1527"]
[PlyCount "139"]
[EventDate "2018.08.03"]
[EventRounds "9"]
[EventCountry "CZE"]

1. d4 d5 2. c4 e6 3. Nc3 Nf6 4. cxd5 exd5 5. Bg5 Be7 6. e3 c6 7. Qc2 O-O 8. Bd3
Nbd7 9. Nge2 Re8 10. f3 Nf8 11. O-O Be6 12. e4 dxe4 13. fxe4 Ng4 14. Bxe7 Rxe7
15. Rf3 Qc7 16. e5 c5 17. Nb5 Qb6 18. dxc5 Qd8 19. Rd1 Qb8 20. Nd6 Nxe5 21. Re3
Nc6 22. Qc3 Qc7 23. Rg3 Ng6 24. h4 Qa5 25. Qxa5 Nxa5 26. b4 Nc6 27. h5 Nge5 28.
a3 Bg4 29. Nf5 Bxf5 30. Bxf5 Nc4 31. Kf2 Rae8 32. Nf4 Ne3 33. Rxe3 Rxe3 34. Bd7
R8e5 35. Nd5 Re2+ 36. Kf1 h6 37. Bg4 Rb2 38. Nf4 Rb3 39. Rd7 Re7 40. Rd3 Rxd3
41. Nxd3 Re3 42. Nf4 Rxa3 43. Bc8 Nxb4 44. Bxb7 Rc3 45. c6 Nxc6 46. Nd5 Rc1+
47. Kf2 a5 48. Bxc6 Rc5 49. Ke3 Kf8 50. Bb7 a4 51. Kd4 a3 52. Nc3 Rxh5 53. Kc4
Ra5 54. Na2 g5 55. Kb4 Ra7 56. Bc6 h5 57. Ba4 g4 58. Kxa3 h4 59. Nc3 f5 60. Kb4
h3 61. gxh3 Rxa4+ 62. Kxa4 gxh3 63. Nd1 Kf7 64. Nf2 h2 65. Kb3 Kg6 66. Kc2 Kg5
67. Kd2 Kh4 68. Ke2 f4 69. Kf3 Kg5 70. Kg2  1/2-1/2

[Event "Open Letní Praha 2018 - B"]
[Site "Praha"]
[Date "2018.08.10"]
[Round "9"]
[Board "9"]
[White "Tichy, Petr"]
[Black "Kuhnmund, Ivan"]
[Result "0-1"]
[WhiteElo "1920"]
[BlackElo "1626"]
[PlyCount "70"]
[EventDate "2018.08.03"]
[EventRounds "9"]
[EventCountry "CZE"]

1. Nf3 c5 2. g3 Nc6 3. Bg2 g6 4. d4 cxd4 5. Nxd4 Bg7 6. c3 Qb6 7. Nxc6 bxc6 8.
O-O d5 9. e4 dxe4 10. Bxe4 Nf6 11. Bg2 O-O 12. Qf3 Bd7 13. Na3 Rac8 14. Nc4 Qa6
15. Ne5 c5 16. Nxd7 Nxd7 17. Bg5 Bf6 18. Bxf6 Nxf6 19. Rfe1 Rfe8 20. Re5 Kg7
21. b3 Qa3 22. Re2 a5 23. c4 a4 24. Qc3 Qb4 25. Qc2 axb3 26. axb3 Qb6 27. Qc3
Rcd8 28. Ree1 Rd4 29. Ra5 Rd3 30. Qxd3 Qxa5 31. Qd1 Rd8 32. Qe2 e6 33. Qe5 Rd3
34. g4 Qc3 35. Qxc5 Qxe1+  0-1

[Event "Open Letní Praha 2018 - B"]
[Site "Praha"]
[Date "2018.08.10"]
[Round "9"]
[Board "10"]
[White "Olsen, Geir"]
[Black "Schoeppe, Christian"]
[Result "0-1"]
[WhiteElo "1472"]
[BlackElo "1545"]
[PlyCount "68"]
[EventDate "2018.08.03"]
[EventRounds "9"]
[EventCountry "CZE"]

1. d4 Nf6 2. Bf4 g6 3. Nc3 c6 4. e4 d6 5. Qd2 h5 6. h3 Nbd7 7. Nf3 h4 8. Bg5
Qa5 9. Bxh4 b5 10. Bxf6 Nxf6 11. Bd3 Bh6 12. Qd1 b4 13. Ne2 b3+ 14. Nc3 bxc2
15. Qxc2 Rb8 16. e5 Nd5 17. Kf1 Nf4 18. b3 Nxd3 19. Ne2 Nb4 20. Qb2 O-O 21. g4
Ba6 22. g5 Bg7 23. Kg2 dxe5 24. Nxe5 Rfd8 25. Rhd1 c5 26. Nf3 cxd4 27. Nexd4 e5
28. a3 Nd3 29. Rxd3 Bxd3 30. Nc6 Qc5 31. Nxb8 Rxb8 32. b4 Qd5 33. Qd2 e4 34.
Kg1 Bxa1  0-1